| 000 | 01141nab a2200217 i 4500 | ||
|---|---|---|---|
| 001 | BPP | ||
| 003 | KOSZ 005 | ||
| 005 | 20180222141155.0 | ||
| 008 | 140526s2012 pl f |000 0 pol | ||
| 040 | _cKOSZ 005 | ||
| 080 | _a621.92 | ||
| 100 | 1 |
_aNADOLNY, Krzysztof. _d2006 - . _bPolitechnika Koszalińska - Wydział Mechaniczny, _cKatedra Inżynierii Produkcji |
|
| 245 |
_aAktualny stan światowego rynku ziaren i wyrobów ściernych / _cKrzysztof Nadolny. |
||
| 260 | _c2012. | ||
| 500 | _aDane z autopsji. | ||
| 520 | _aPrzedstawiono wyniki analiz światowego rynku materiałów i wyrobów ściernych. Wymieniono największych światowych i krajowych producentów ziaren oraz wyrobów ściernych. Na podstawie obserwacji trendów rozwojowych współczesnego rynku ziaren i narzędzi ściernych można wnioskować, że dominującym typem ścierniw powstają nadal ziarna na bazie Al2O3, a największą grupę narzędzi ściernych stanowią ściernice. | ||
| 650 | 0 | _aMateriały ścierne. | |
| 650 | 0 | _aSzlifowanie - narzędzia i maszyny. | |
| 773 | 0 | 8 |
_iW : _tMechanik. - _g2012, R. 85, nr 11, s. 949-951 |
| 942 |
_cART _2UKD |
||
| 999 |
_c6311 _d6311 |
||